Statistiques concernant Les Bâtiments Législatifs

Cliquez ici pour prendre le quiz!

Statistiques générales

  • Ce quiz a été pris 32 fois
  • Le résultat moyen est 11 sur 15

Statistiques - réponses

Réponse% Correct
Allemagne
97%
France
97%
Royaume-Uni
97%
Espagne
94%
Les États-Unis d'Amérique
94%
Chine
88%
Italie
88%
Grèce
78%
Suède
72%
Danemark
69%
Norvège
63%
Finlande
59%
Écosse
31%
Pays de Galles
28%
Irlande du Nord
25%

Distribution des résultats

Percentile par nombre de réponses

% des personnes avec chaque résultat

Votre développement - résultats

Vous n’avez pas pris ce quiz